000 00629nam a2200229Ia 4500
003 OSt
005 20220926041908.0
006 a|||||r|||| 00| 0
007 ta
008 220923b |||||||| |||| 00| 0 eng d
037 _cGeneral Book
040 _aRTL
_cRTL
_beng
041 _2eng
_aeng
082 _aY79365:3.N5, J6
100 _aKeesing F M
_9345524
245 0 _aElite communication in Samoa
_b A study of leadershi
260 _c1956
650 _aRed Indians
700 _a Keesing M M
_9345525
942 _hY79365:3.N5, J6
_cGB
_2CC
999 _c668333
_d668333